|
|
|
|
| LEADER |
01241cam a2200301 7i4500 |
| 001 |
0000032479 |
| 005 |
20150625090000.0 |
| 020 |
0 |
0 |
|a 9789671254356
|
| 090 |
0 |
0 |
|a M 338.64209595
|b SHA
|
| 100 |
1 |
0 |
|a Shamshubaridah Ramlee
|
| 245 |
1 |
0 |
|a SMEs in Malaysia : :
|b An Industry Research on the Oil, Gas & Energy Sector.
|
| 260 |
0 |
0 |
|a Kuala Lumpur:
|b Centre for Entrepreneur Development and Research (CEDAR) Sdn Bhd,
|c 2014.
|
| 300 |
# |
# |
|a 96 pages.
|
| 650 |
0 |
0 |
|a Small business --
|x Research --
|z Malaysia
|
| 650 |
0 |
0 |
|a Oil industries --
|x Research --
|z Malaysia
|
| 650 |
0 |
0 |
|a Energy industries --
|x Research --
|z Malaysia
|
| 650 |
0 |
0 |
|a Gas industry x Research --
|z Malaysia
|
| 700 |
0 |
0 |
|a Rahmat Mohsin
|
| 700 |
0 |
0 |
|a Noor Shawal Nasri
|
| 700 |
0 |
0 |
|a Zulkifli Abdul Majid
|
| 700 |
0 |
0 |
|a Zalilah Sharer
|
| 700 |
0 |
0 |
|a Norzilawati Mohamad
|
| 999 |
|
|
|a JHR000409B
|b Book
|c Malaysia
|e MATRADE Southern Regional Office
|
| 999 |
|
|
|a B000036051
|b Book
|c Malaysia
|e Business Information Centre
|
| 999 |
|
|
|a PNG001119B
|b Book
|c Malaysia
|e MATRADE Northern Regional Office
|
| 999 |
|
|
|a SBH001089B
|b Book
|c Malaysia
|e MATRADE Sabah
|
| 999 |
|
|
|a SRW000513B
|b Book
|c Malaysia
|e MATRADE Sarawak
|
| 999 |
|
|
|a TRG000397B
|b Book
|c Malaysia
|e MATRADE Eastern Regional Office
|